00784nam a2200193 i 4500003000900000005001700009007000300026008004100029040003000070082001800100110009900118245013100217264006800348300002800416336002700444337003400471338002800505500005700533DO-SdBNP20250429101558.0ta250429s1999 dr a 000 j spa d aDO-SdBNPbspacBNPHUerda axxbR426c2222 aRepública Dominicana.bPresidencia de la República, Comisión Nacional Técnica Forestal10aCódigo forestal :bLey No. 188-99 del 23 de diciembre de 1999 que crea el Instituto Nacional de Recursos Forestales (INAREF) 1aSanto Domingo :bComisión Nacional Técnica Forestal,,c1999 a102 páginas ;c22 cm. 2rdacontentatextobtxt 2rdamediaasin mediación bn 2rdacarrieravolumenbnc aGaceta oficial No. 10032 del 30 de diciembre de 1999